00501nmm a2200169Ia 4500008004100000020001800041041000800059100002100067245002400088264005000112300001800162490001600180650003100196700002100227700003200248856005100280251105s9999||||xx |||||||||||||||||und|| a9788416363650 aspa aJohnson, Maureen 0aTrece sobres azules a[Madrid, España] :bMaeva Ediciones, c2016 a257 páginas aMaeva Young aTeen & Young Adult Fiction aJohnson, Maureen1 a Fernández Ordás, Sonia uhttps://public.digitaliapublishing.com/a/44648